Movement and fundamental motor skills for sensory deprived children /

Bibliographic Details
Main Author: Kratz, Laura E.
Other Authors: Tutt, Louis M., Black, Dolores A.
Format: Book
Language:English
Published: Springfield, Ill., U.S.A. : Thomas, [1987]
Subjects:

MARC

Tag First Indicator Second Indicator Subfields
LEADER 00000cam a2200000 a 4500
001 in00000020133
005 20151007053829.0
008 870828s1987 ilua b 00110 eng d
010 |a  87024361  
020 |a 0398053928 
035 |a (OCoLC)16685317 
035 |9 AAB2969AM 
040 |a DNLM/DLC  |c DLC  |d TXA  |d UtOrBLW 
049 |a TXAM  |c [A11059132] 
050 0 0 |a HV1597.2  |b .K73 1987 
060 0 |a WE 103 K896m 
082 0 |a 371.91/1  |2 19 
100 1 |a Kratz, Laura E. 
245 1 0 |a Movement and fundamental motor skills for sensory deprived children /  |c by Laura E. Kratz, Louis M. Tutt, and Dolores A. Black. 
264 1 |a Springfield, Ill., U.S.A. :  |b Thomas,  |c [1987] 
264 4 |c ©1987 
300 |a xi, 81 pages :  |b illustrations ;  |c 27 cm. 
336 |a text  |b txt  |2 rdacontent 
337 |a unmediated  |b n  |2 rdamedia 
338 |a volume  |b nc  |2 rdacarrier 
504 |a Bibliography: pages 75-76. 
500 |a Includes index. 
650 0 |a Deafblind children  |x Education. 
650 0 |a Motor learning. 
700 1 |a Tutt, Louis M. 
700 1 |a Black, Dolores A. 
999 |a MARS 
999 f f |s f608f3a8-6cbe-37bb-8f0a-7a18dcad2a64  |i 15ad403d-5275-3bb4-9b95-5b852e3a8335  |t 0 
952 f f |p ric  |a Texas A&M University  |b Rellis Campus  |c Joint Library Facility  |d Remote Storage  |t 0  |e HV1597.2 .K73 1987  |h Library of Congress classification  |i unmediated -- volume  |m A14811059132 
998 f f |a HV1597.2 .K73 1987  |t 0  |l Remote Storage